Koncepcia európskeho marketingu ako súčasť globálneho marketingového prístupu

Podstata a obsah európskeho marketingu ako súčasti globálneho marketingu, ktorý uplatňujú svetové spoločnosti na globálnych trhoch. Trh EÚ ako súčasť globálneho trhu. Globálny marketing a euromerketing. Európsky spotrebiteľ. Marketingové stratégie pre európsky trh.

Na minha lista:
Detalhes bibliográficos
Autor principal: Čihovský, Martin
Formato: Capítulo de Livro
Idioma:eslovaco
Assuntos:
Tags: Adicionar Tag
Sem tags, seja o primeiro a adicionar uma tag!

MARC

LEADER 00000naa$a2200000$$$4500
001 0093346
005 20221207081618.8
041 0 |a slo 
044 |a SK 
245 1 0 |a Koncepcia európskeho marketingu ako súčasť globálneho marketingového prístupu  |c Martin Čihovský 
520 |a Podstata a obsah európskeho marketingu ako súčasti globálneho marketingu, ktorý uplatňujú svetové spoločnosti na globálnych trhoch. Trh EÚ ako súčasť globálneho trhu. Globálny marketing a euromerketing. Európsky spotrebiteľ. Marketingové stratégie pre európsky trh. 
610 2 0 |a marketing globálny 
610 2 0 |a stratégia marketingová 
610 2 0 |a marketing strategický 
610 2 0 |a marketing mix 
610 2 0 |a Európa 
100 1 |a Čihovský, Martin